| 000 | 00753nam a22002177a 4500 | ||
|---|---|---|---|
| 003 | OSt | ||
| 005 | 20181121103104.0 | ||
| 008 | 181121b xxu||||| |||| 00| 0 fre d | ||
| 040 | _aLB-BrCRDP | ||
| 082 | _a590 A769p | ||
| 100 | _aMax Aron | ||
| 245 |
_aPrécis de biologie animale: _b à l'usage des candidats au certificat préparatoire aux études médicales (C.P.E.M.), aux grandes écoles, à la licence ès sciences et des étudiants des facultés de médecine et de pharmacie |
||
| 250 | _a8ème édition-revue et remaniée | ||
| 260 |
_aParis _b Masson et Cie, _c1966 |
||
| 300 |
_a1421p _c20cm |
||
| 630 | _a Zoology. | ||
| 630 | _abiologie animale -- manuel | ||
| 630 | _aZoologie. | ||
| 700 | _aPierre-Paul Grassé | ||
| 942 |
_2ddc _cBK |
||
| 999 |
_c22079 _d22079 |
||